| 000 | 02270nam0a2200373 i 4500 | ||
|---|---|---|---|
| 001 | RU\NLR\BIBL_A\011003670 | ||
| 005 | 20260407043911.0 | ||
| 010 |
_a9785990655508 _9100 |
||
| 021 |
_aRU _b2016-10630 _9692 |
||
| 035 | _a(NILC)RuMoRGB-008143323 | ||
| 035 | _a(NLR Aleph) 011003670 | ||
| 090 |
_a10980813 _c10980813 |
||
| 100 | _a20160301d2015 km y0rusy50 ca | ||
| 101 | 0 | _arus | |
| 102 | _aRU | ||
| 105 | _aa z 100yy | ||
| 200 | 1 |
_aЗдоровый образ жизни как условие устойчивого развития государства и фактор формирования конкурентоспособной личности _eматериалы Межвузовской научно-практической интернет-конференции (15 ноября 2014 года) _fпод общ. ред. В. В. Пономарева |
|
| 210 |
_aНовороссийск _cМосковский гуманитарно-экономический институт, Новороссийский филиал _d2015 |
||
| 215 |
_a179 с. _cцв. ил. _d20 |
||
| 300 | _aВ надзаг.: Автоном. некоммерч. орг. высш. проф. образования Моск. гуманитарно-экон. ин-т", Новороссийский фил. (МГЭИ АНО ВПО НФ) | ||
| 320 | _aБиблиогр. в конце ст. | ||
| 606 | 1 |
_aЗдоровье _jСъезды, совещания и т.п _xВлияние образа жизни _yРоссийская Федерация _92603897 _3RU\NLR\AUTH\661540455 |
|
| 606 | 1 |
_aЗдоровый образ жизни _jСъезды, совещания и т.п _xФормирование _92611043 _3RU\NLR\AUTH\661547601 |
|
| 675 | _a614 | ||
| 686 | 1 | _aС550.54я431 | |
| 686 | 1 | _aУ9(2)-13(2Р)я431 | |
| 686 | 1 | _aР120.4я431(2) | |
| 702 | 1 |
_aПономарев _bВ. В. _4340 |
|
| 712 | 0 | 2 |
_4570 _aМосковский государственный гуманитарно-экономический институт _bНовороссийский филиал _9530677 _3RU\NLR\AUTH\8810016409 |
| 801 | 0 |
_aRU _bРГБ _c20160211 _gRCR |
|
| 942 | _cBOOK | ||
| 980 | _aNBR | ||